Представление документа в формате MARC21

Поле Инд. ПП Название Значение
Тип записи a
Библиографический уровень m
001 Контрольный номер RU/IS/BASE/391019345
005 Дата корректировки 20180409143540.5
008 Кодируемые данные 031009
040 a Служба первич. каталог. НБ ТвГУ
041 a Код языка текста rus
080 a Индекс УДК 612.84/.88(075.8)
084 a Индекс другой классификации/Индекс ББК Е992я73-1
090 a Полочн. индекс Е992
x Авторский знак У91
245 10 a Заглавие Учебно-методический комплекс по дисциплине специализации "Физиология сенсорных систем" [Электронный ресурс]
b Продолж. заглавия для студентов 5 курса днев. формы обучения : специальность 011600 "биология" : специализация ¦ 01.09.04 "физиология человека и животных"
c Ответственность Твер. гос. ун-т, Каф. анатомии и физиологии человека и животных ; [сост.: М. Ф. Шляпников]
245 00 a Заглавие Физиология сенсорных систем
260 0_ a Место издания Тверь
b Издательство Тверской государственный университет
c Дата издания 2007
300 a Объем 32 с.
650 a Основная рубрика Органы чувств
x Основная подрубрика Учебники для вузов
x Основная подрубрика Физиология
653 a Ключевые слова Органы чувств
a Ключевые слова Сенсорные системы
a Ключевые слова Труды Тверского государственного университета
a Ключевые слова Физиология сенсорных систем
700 1_ a Другие авторы Шляпников Михаил Ферапонтович
e Роль лиц сост.
710 a Организация/ юрисдикция Тверской государственный университет
856 u URL http://texts.lib.tversu.ru/texts2/01259umk.pdf
x Примечание для ЭОР Реестр суммарного учета сетевых локальных документов
930 a Новая/Ретро полный текст
a Новая/Ретро учебники
952 c Вид литературы К рум
954 a Дата поступления на обработку 20070806